[Event "MCR v sachu muzu 2020"]
[Site "Plzen"]
[Date "2020.08.27"]
[Round "5.30"]
[White "Janous, Marek"]
[Black "Novotny, Martin"]
[Result "1/2-1/2"]
[WhiteElo "1968"]
[BlackElo "2180"]
[EventDate "2020.08.23"]

1. e4  e6  2. d4  d5
3. e5  c5  4. c3
Qb6  5. Nf3  Nc6
6. Be2  cxd4  7. cxd4
Nh6  8. Nc3  Nf5
9. Kf1  Bd7  10. Na4
Qa5  11. Bd2  Bb4
12. Bxb4  Qxb4  13. a3
Qe7  14. Rc1  Rc8
15. b4  O-O  16. Nc5
b6  17. Nxd7  Qxd7
18. Bb5  Qb7  19. g3
Nb8  20. Kg2  Rxc1
21. Qxc1  Rc8  22. Qd2
Qc7  23. Rd1  Qc3
24. Qxc3  Rxc3  25. Rd3
Rc1  26. Rb3  Nc6
27. Rd3  Kf8  28. Bxc6
Rxc6  29. Nd2  Ke8
30. g4  Ne7  31. f4
Kd7  32. Kg3  Rc2
33. b5  Kc7  34. h4
Kb7  35. Nf3  h6
36. Rb3  a6  37. bxa6+
Kxa6  38. h5  Rc1
39. Rd3  Ka5  40. Kf2
Ka4  41. Kg3  Rc2
42. Re3  g6  43. hxg6
fxg6  44. Nh4  Ra2
45. f5  gxf5  46. gxf5
exf5  47. Kf4  Rf2+
48. Nf3  Kb5  49. Rb3+
Kc6  50. Rc3+  Kd7
51. Kg3  Re2  52. Rb3
Kc6  53. Rc3+  Kd7
1/2-1/2